Most Populous Country by First Two Letters - Statistics

General Stats
  • This quiz has been taken 70,653 times
    31,412 since last reset
  • The average score is 17 of 24
Answer Stats
Population Country % Correct
CH 1438 m China
95%
AF 42.3 m Afghanistan
91%
AR 45.8 m Argentina
91%
BO 12.4 m Bolivia
91%
NI 224 m Nigeria
90%
IR 89.2 m Iran
85%
AL 45.7 m Algeria
83%
SW 10.6 m Sweden
82%
PA 241 m Pakistan
81%
TU 85.9 m Turkey
81%
AN 36.8 m Angola
80%
CA 38.8 m Canada
76%
BA 173 m Bangladesh
72%
SE 17.8 m Senegal
71%
TA 67.7 m Tanzania
70%
GU 18.1 m Guatemala
63%
LI 6.89 m Libya
62%
SO 60.5 m South Africa
62%
MA 34.3 m Malaysia
61%
MO 38.5 m Morocco
54%
NE 30.9 m Nepal
51%
BE 13.7 m Benin
50%
BU 23.3 m Burkina Faso
44%
SA 37.0 m Saudi Arabia
44%
No matching quizzes found
Score Distribution
Percent of People with Each Score
Percentile by Number Answered
Your Score History
You have not taken this quiz since the last reset